[Event "EU-ch 22nd"]
[Site "Terme Catez"]
[Date "2022.03.28"]
[Round "2"]
[White "Asadli, Vugar Afgan Oglu"]
[Black "Varney, Zoe"]
[Result "1-0"]
[WhiteElo "2579"]
[BlackElo "1998"]
[PlyCount "55"]
[EventDate "2022.03.27"]
[EventType "swiss"]
[EventRounds "11"]
[EventCountry "SLO"]
[SourceTitle "CBM 208"]
[Source "ChessBase"]
[SourceDate "2022.06.30"]
[SourceVersion "1"]
[SourceVersionDate "2022.06.30"]
[SourceQuality "1"]

1. e4 e5 2. Nf3 Nc6 3. Bb5 a6 4. Ba4 Nf6 5. d4 exd4 6. 0-0 b5 7. Bb3 Be7 8. e5 Ne4 9. Bd5 Nc5 10. Nxd4 Bb7 11. Nf5 0-0 12. Re1 Ne6 13. Nc3 Rb8 14. Qg4 g6 15. Bh6 Re8 16. Rad1 Bf8 17. Qg3 Ne7 18. Nxe7+ Bxe7 19. Bxb7 Rxb7 20. Ne4 Rb6 21. Rd5 Rc6 22. Red1 Rxc2 23. Rxd7 Qa8 24. Rxe7 Rxe7 25. Nf6+ Kh8 26. Qh4 Ng5 27. Bxg5 h5 28. Nxh5 1-0